000 00634nam a2200229 a 4500
001 13904
003 BD-JhCC
005 20240514103608.0
008 240514b2019 b |||| ||a| 000 0 b d
020 _a9789844043237
035 _a(BD-JhCC)13904
040 _aBD-JhCC
_dBD-JhCC
041 _abengali
082 _a510
_bROY 2019
100 _aরায় ,অভীক
245 _aম্যাথোস্কোপ /
_cঅভীক রায় ।
260 _aঢাকা:
_bঅনুপম প্রকাশনী;
_c2019.
300 _a192 p. :
_c22 cm.
650 _amathematics
942 _2ddc
_cBK
999 _c13904
_d13904